书目信息 |
| 题名: |
中国大地构造及其演化
|
|
| 作者: | 黄汲清 | |
| 分册: | ||
| 出版信息: | 北京 科学出版社 1985 |
|
| 页数: | 123页 | |
| 开本: | 24cm | |
| 丛书名: | ||
| 单 册: | ||
| 中图分类: | P54 | |
| 科图分类: | ||
| 主题词: | 构造地质学 | |
| 电子资源: | ||
| ISBN: | ||
| 000 | 00541nam0 2200181 450 | |
| 001 | 202411149926080742 | |
| 005 | 20241114105552.34 | |
| 010 | @d¥3.80 | |
| 100 | @a20241114d km y0chiy0120 ea | |
| 101 | 0 | @achi |
| 200 | 1 | @a中国大地构造及其演化@AZhong Guo Da Di Gou Zao Ji Qi Yan Hua@f黄汲清@FHuang Ji Qing |
| 210 | @a北京@c科学出版社@d1985 | |
| 215 | @a123页@d24cm | |
| 606 | 0 | @a构造地质学 |
| 690 | @aP54@v4 | |
| 701 | 0 | @a黄汲清@AHuang Ji Qing |
| 801 | 0 | @aCN@b大连网信软件有限公司图书馆·11@c20241114 |
| 905 | @aZUCC@b1439145@dP54@e189@f1 | |
| 中国大地构造及其演化/黄汲清.-北京:科学出版社,1985 |
| 123页;24cm |
| ISBN :¥3.80 |
| ● |
| 相关链接 |
|
|
|
|
正题名:中国大地构造及其演化
索取号:P54/189
 
预约/预借
| 序号 | 登录号 | 条形码 | 馆藏地/架位号 | 状态 | 备注 |
| 1 | 1439145 | 214391451 | 密集书库-资源管理系/ [索取号:P54/189] | 在馆 |